Paises que empiezan por la C - Estadísticas

Estadísticas generales
  • Esta prueba ha sido intentada 250 veces
    221 desde el último reinicio
  • La puntuación promedio es 15 de 18
Estadísticas de respuestas
Hint Respuesta % Correcto
América del Sur Colombia
98%
América del Norte Canadá
96%
América del Sur Chile
95%
Europa Croacia
92%
América del Norte Costa Rica
89%
África Camerún
87%
Asia Camboya
86%
Asia China
85%
América del Norte Cuba
85%
Asia Corea del Norte
83%
Asia Corea del Sur
83%
Europa Chipre
79%
África Costa de Marfil
77%
África Chad
76%
África Comoras
76%
África Cabo Verde
72%
Asia Catar
62%
Europa Ciudad del Vaticano
56%
No se encontraron pruebas coincidentes
Distribución de puntuación
Porcentaje de gente con cada puntuación
Porcentaje por número respondido
Historial de tus puntuaciones
No has intentado esta prueba desde el último reinicio